Bandeiras dos estados brasileiros - Statistics

Estatísticas Gerais
  • Esse quiz foi jogado 60 vezes
  • A pontuação média é 21 de 27
Estatísticas das Respostas
Imagem Resposta % Correto
Minas Gerais
96%
Paraná
96%
São paulo
96%
Pernambuco
94%
Rio de Janeiro
94%
Rio Grande do Sul
91%
Paraíba
89%
Espirito Santo
87%
Pará
85%
Santa Catarina
85%
Bahia
81%
Distrito Federal
79%
Goias
77%
Mato Grosso
72%
Amazonas
70%
Maranhão
70%
Acre
68%
Ceará
68%
Amapá
66%
Rondônia
66%
Roraima
66%
Sergipe
66%
Tocantins
66%
Alagoas
64%
Mato Grosso do Sul
57%
Piauí
57%
Rio Grande do Norte
57%
Nenhum quiz correspondente encontrado
Distribuição das Pontuações
Porcentagem de Pessoas com Cada Pontuação
Percentil de Números Respondidos
Sua Pontuação Histórica
Você não jogou esse quiz